Benedicto XVI. Una mirada cercana.

Saved in:
Bibliografiske detaljer
Hovedforfatter: Seewald, Peter (autor)
Format: Bog
Sprog:engelsk
Udgivet: Madrid, España: Palabra, 2006.
Udgivelse:Segunda edición.
Serier:Palabra hoy.
Fag:
Tags: Tilføj Tag
Ingen Tags, Vær først til at tagge denne postø!

MARC

LEADER 00000nam a22000007a 4500
003 CL-VaPUC
005 20250103100419.0
008 220817b ||||| |||| 00| 0 eng d
999 |c 438356  |d 438354 
020 |a 978-84-9840-007-6 
040 |c Pontificia Universidad Católica de Valparaíso 
082 |2 22  |a 282.092 SEE 2006 
100 |9 591503  |a Seewald, Peter  |e autor 
245 |a Benedicto XVI.   |b Una mirada cercana.  
250 |a Segunda edición.  
260 |a Madrid, España:   |b Palabra,   |c 2006. 
300 |a 315 páginas.  
490 |a Palabra hoy.  
500 |a c.1 Donación Sr. Rector Nelson Vásquez Lara, julio 2022. 
583 |c 20220817  |k Yessy Sthefany Diaz Vidal 
600 0 |a Benedicto XVI, Papa,  |d 1927-2022  |q Ratzinger, Joseph   |e autor  |x Crítica e interpretación   |9 866206 
650 0 |a Iglesia Católica  |x Papas   |y Siglo XIX   |9 256114 
942 |2 ddc  |c BK 
952 |0 0  |1 0  |2 ddc  |4 0  |6 282_092000000000000_SEE_2006  |7 0  |8 A  |9 586274  |a BIBHIS  |b BIBHIS  |c GEN  |d 2022-08-17  |e Donación   |i 5654146  |o 282.092 SEE 2006  |p 5654146  |r 2025-01-20  |t 1  |w 2022-08-17  |y BK  |k HIS